Multidimensional Integral Transformations

Αποθηκεύτηκε σε:
Λεπτομέρειες βιβλιογραφικής εγγραφής
Άλλοι συγγραφείς: Brychkov, IU. A. (Urii Aleksandrovich)
Μορφή: Βιβλίο
Γλώσσα:English
Δημοσίευση: Philadelphia : Gordon and Breach Science Publishers, c1992
Θέματα:
Ετικέτες: Προσθήκη ετικέτας
Δεν υπάρχουν, Καταχωρήστε ετικέτα πρώτοι!

MARC

LEADER 00000cam a2200000 i 4500
001 1/57714
008 941103s1992 eng d
020 |a 288124839X 
035 |l 10045784 
035 |a 1994  |c ΤΡΥΨΙΑΝΝΗΣ 
040 |a GR-MY-UA  |b gre  |e aacr 
041 0 |a eng 
082 0 |a 515.723  |2 (20) 
245 1 0 |a Multidimensional Integral Transformations /  |c Yu. A. Brychkov ... [et al.] 
260 |a Philadelphia :   |b Gordon and Breach Science Publishers,   |c c1992 
300 |a xiii, 386 p.;  |c 24 cm 
504 |a Includes bibliographical references ([369]-375) and index 
650 0 0 |a Integral transforms. 
700 1 |a Brychkov, IU. A.  |q (Urii Aleksandrovich) 
852 |a INST  |b SAMOS  |e 19941103  |h 515.723 MUL  |p 005300003773  |q 005300003773  |t BK  |y 0 
909 |a Σ  |b 034517